| 000 | 01257nab a22002417a 4500 | ||
|---|---|---|---|
| 999 |
_c6381 _d6381 |
||
| 003 | OSt | ||
| 005 | 20260201152228.0 | ||
| 008 | 190506c xxu||||| |||| 00| 0 spa d | ||
| 040 | _cPJ | ||
| 100 |
_97024 _aPiedrafita, Andrea |
||
| 245 | 1 | 3 |
_aEl trabajo a través de plataformas digitales : _cun análisis a proyectos de ley / _bAndrea Piedrafita. |
| 260 |
_aBuenos Aires : _bAbeledoPerrot, _c2023. |
||
| 300 | _ap. 14-20 | ||
| 500 | _aCita: TR LALEY AR/DOC/1565/2023 | ||
| 505 | _aSumario: I. Introducción.— II. Punto de partida. La situación actual de los llamados trabajadores de "plataformas digitales".— III. El proyecto de ley presentado por el oficialismo en el Senado de la Nación en octubre de 2021.— IV. El proyecto de ley presentado por la oposición en la Cámara de Diputados de la Nación.— V. Conclusión.— VI. Bibliografía. | ||
| 505 | _t¿Te interesa el texto completo? Comunicate al correo: koha@justierradelfuego.gov.ar | ||
| 650 | 0 |
_91316 _aDERECHO LABORAL |
|
| 650 | 0 |
_9281 _aINTERNET |
|
| 650 | 0 |
_91323 _aCONTRATO DE TRABAJO |
|
| 650 | 0 |
_94193 _aPROYECTO DE LEY |
|
| 773 | 0 |
_02751 _93202 _dBuenos Aires : AbeledoPerrot, 2013- _tRevista de derecho laboral y seguridad social. Nº 16 - Agosto 2023 |
|
| 942 |
_2udc _cANA |
||